| 000 | 00636nam a2200205Ii 4500 | ||
|---|---|---|---|
| 003 | JO-AjNU | ||
| 008 | 230605s9999||||xx |||||||||||||| ||und|| | ||
| 040 |
_aJO-AjNU _bara _erda _cJO-AjNU |
||
| 041 | _aara | ||
| 050 | 1 | 4 | _aBP173.754.M2 1979 |
| 100 | 3 |
_aبن نبي، مالك, _eauthor _916091 |
|
| 245 | 0 | 0 | _aالمسلم في عالم الإقتصاد |
| 264 | 3 | 1 | _aدمشق: دار الفكر، 1979 |
| 300 | _a111ص | ||
| 336 |
_atext _btxt _2rdacontent |
||
| 337 |
_aunmediated _bn _2rdamedia |
||
| 338 |
_avolume _bnc _2rdacarrier |
||
| 490 | 0 | _aمشكلات الحضارة | |
| 650 | 4 |
_aالاقتصاد الاسلامي _916092 |
|
| 999 |
_aA4692 _c8260 _d8260 |
||